|
|
|
|
| LEADER |
00706cam a2200205 7i4500 |
| 001 |
0000003574 |
| 005 |
20170218090000.0 |
| 008 |
090820 eng |
| 020 |
|
|
|a 0201700735 (hbk.)
|
| 020 |
|
|
|a 9780201700732
|
| 090 |
0 |
0 |
|a QA76.73.C153
|b S77 2000
|
| 100 |
1 |
|
|a Stroustrup, Bjarne
|
| 245 |
1 |
4 |
|a The C++ programming language
|c Bjarne Stroustrup.
|
| 250 |
|
|
|a Special ed.
|
| 260 |
|
|
|a Reading, Mass.:
|b Addison-Wesley,
|c 2000.
|
| 300 |
|
|
|a x, 1020 p.:
|b ill.;
|c 24 cm.
|
| 500 |
|
|
|a Includes index
|
| 650 |
0 |
0 |
|a C++ (Computer program language)
|
| 997 |
|
|
|a Communication, Visual Art & Computing, Faculty
|b Computing, Department
|
| 999 |
|
|
|a 0000009741
|b BOK
|c OPEN SHELF
|e 2nd Floor, Bestari Jaya
|